Management.

Bibliographic Details
Other Authors: Robbins,, Bergman,, Stagg,, Coulter,
Format: Book
Published: French Forest, Australia: Pearson, 2006.
Edition:4th ed.
Subjects:
LEADER 01521cam a2200373 7i4500
001 0000019129
005 20070410090000.0
020 0 0 |a 0-7339-7099-0  
090 0 0 |a B 658   |b MAN 
245 0 0 |a Management. 
250 0 0 |a 4th ed. 
260 0 0 |a French Forest, Australia:   |b Pearson,   |c 2006. 
300 # # |a 820 p. 
650 0 0 |a Management  
700 2 1 |a Robbins,   |h Stephen  
700 2 1 |a Bergman,   |h Rolf  
700 2 1 |a Stagg,   |h Ian  
700 2 1 |a Coulter,   |h Mary  
999 |a 0000019981  |b Book  |c Book  |e Business Information Centre 
999 |a 0000020010  |b Book  |c Book  |e Business Information Centre 
999 |a 0000020011  |b Book  |c Book  |e Business Information Centre 
999 |a 0000020012  |b Book  |c Book  |e Business Information Centre 
999 |a 0000020013  |b Book  |c Book  |e Business Information Centre 
999 |a 0000020014  |b Book  |c Book  |e Business Information Centre 
999 |a 0000020015  |b Book  |c Book  |e Business Information Centre 
999 |a 0000020016  |b Book  |c Book  |e Business Information Centre 
999 |a 0000020017  |b Book  |c Book  |e Business Information Centre 
999 |a 0000020018  |b Book  |c Book  |e Business Information Centre 
999 |a 0000020019  |b Book  |c Book  |e Business Information Centre 
999 |a 0000020020  |b Book  |c Book  |e Business Information Centre 
999 |a 0000020021  |b Book  |c Book  |e Business Information Centre 
999 |a 0000020022  |b Book  |c Book  |e Business Information Centre 
999 |a 0000020023  |b Book  |c Book  |e Business Information Centre 
999 |a 0000020024  |b Book  |c Book  |e Business Information Centre